000 00437nam a2200157Ia 4500
008 230917s9999||||xx |||||||||||||| ||und||
040 _e63971
_aMAIN
041 _aEnglish
082 _a519.2 R129T
100 _aRahman, N A
245 0 _aTheoretical exercises in probability and statistics for mathematics undergraduates
250 _a2nd ed.
260 _aHigh Wycombe
_bCharles Griffen
_c1983
300 _axi, 440 p.
942 _cBK
999 _c52328
_d52328